000 01826nam a2200349 a 4500
001 ebr10425390
003 CaPaEBR
006 m u
007 cr cn|||||||||
008 090724s2010 nyu sb 001 0 eng
010 _z 2009030627
020 _z9780765624710 (cloth : alk. paper)
020 _z0765624710 (cloth : alk. paper)
020 _z0765624729
020 _z9780765624727
040 _aCaPaEBR
_cCaPaEBR
035 _a(OCoLC)676698082
050 1 4 _aJF1351
_b.F7345 2010eb
082 0 4 _a351
_222
100 1 _aFrederickson, H. George.
245 1 0 _aSocial equity and public administration
_h[electronic resource] :
_borigins, developments, and applications /
_cH. George Frederickson.
260 _aArmonk, N.Y. :
_bM.E. Sharpe, Inc.,
_cc2010.
300 _axix, 169 p.
504 _aIncludes bibliographical references and index.
505 0 _aSocial equity and the new public administration -- Social equity in context -- Social equity : the democratic context and the compound theory -- Social equity and the question of administrative discretion -- The state of social equity in American public administration -- An intergenerational social equity ethic -- Social equity, law, and research -- When education quality speaks, education equality answers -- Social equity in the twenty-first century : in memory of Philip J. Rutledge.
533 _aElectronic reproduction.
_bPalo Alto, Calif. :
_cebrary,
_d2013.
_nAvailable via World Wide Web.
_nAccess may be limited to ebrary affiliated libraries.
650 0 _aPublic administration.
650 0 _aPublic welfare
_xManagement.
655 7 _aElectronic books.
_2local
710 2 _aebrary, Inc.
856 4 0 _uhttp://site.ebrary.com/lib/rucke/Doc?id=10425390
_zAn electronic book accessible through the World Wide Web; click to view
999 _c142698
_d142698